| 000 | 00534nam a2200169 i 4500 | ||
|---|---|---|---|
| 001 | 63457 | ||
| 003 | ES-MaACL | ||
| 005 | 20230906164856.0 | ||
| 007 | t| | ||
| 008 | 031210s1965 sp ||||1| spa d | ||
| 100 | 1 |
_aFerrer Gutierrez, Virgilio. _950469 |
|
| 245 | 1 | 0 |
_aCuba _b: país calumniado / _cVirgilio Ferrer Gutierrez ; prólogo por Emilio Fernández Camus. |
| 260 |
_aMadrid : _b[s.n., _c1965] ( _fFareso) |
||
| 300 |
_a192 p. ; _c21 cm. |
||
| 700 | 1 |
_aFernández Camus, Emilio. _949541 |
|
| 852 |
_aES-MaACL _jC-28273 _bR.57366 |
||
| 999 |
_c63457 _d63457 |
||